000 00935cam a22003137a 4500
003 CHAP
005 20220817041024.0
008 971013s1988 r 00010 d
010 _a4736
011 _a5708
035 _a4923
040 _cCHAP
090 _aFolleto 12873
110 _aFAO
245 0 _aExtensión rural
_b: partiendo de lo posible para llegar a lo deseable
260 _aRoma :
_bFAO,
_c1988
300 _a50 p.
490 0 _aFAO. Desarrollo rural
_v; 2
590 _aBATCH-UPD
_b10
_c20130110
_lUCH01
_h0004
590 _aBATCH-UPD
_b10
_c20130110
_lUCH01
_h1916
590 _aBATCH-UPD
_b10
_c20130410
_lUCH01
_h1242
590 _aBATCH-UPD
_b10
_c20130914
_lUCH01
_h1337
590 _aCONVERSION
_b10
_c20130109
_lUCH01
_h1304
650 1 4 _aExtensión agrícola.
_939144
830 0 _aFAO. Desarrollo rural
_v; 2
_939516
901 _aBK
942 _cFOLL
949 _aFolleto 12873
_bBC
_cFAO
_d-14487
_eFAO1
_i4923
_si
999 _c4736
_d4736